00395nam a22001337a 450000500170000000800410001705000210005810000240007924500280010325000170013126000420014830000200019060000510021020191024120556.0191024b ag ||||| |||| 00| 0 spa d04aPQ2082bV65 19421 aVoltaired1694-177813aLa doncella /cVoltaire a1a edición aBuenos Aires : bEditorial Tor,c1942 a185 p. ;c19 cm1 aJuana de Arco, Santa, d1412-1431 x Poesía.